01387nam a2200361 a 4500001001000000003000900010005001700019007000300036008003700039020001500076040003100091082003000122092000600152100004300158245013100201246005100332264005600383300002800439336002700467337003500494338003000529490008200559500006300641586000600704590002600710650002300736650004100759650002800800910004100828942001200869952012700881999001701008000012988DO-SdBPM20251104093301.0ta091118s2012 pa 000 f spa d a9992599197 aDO-SdBPMbspacBPMSU erda 4aPa861.44bD671c 2012222 b 1 aDomínguez, Ramirod1930-2018eautor 14aLas 4 fases del Luisón y otros poemas / cRamiro Domínguez ; selección e introducción de Francisco Pérez-Maricevich13aLas cuatro frases del Luisón y otros poemas  aAsunción, Paraguay :bEditorial el Lector, c2012 a82 páginas ;c23 cm. atextobtxt2rdacontent asin mediación bn2rdamedia  avolumen bnc2rdacarrier 0 a Biblioteca popular de autores paraguayos ;aHacia un país de lectores,v18 aIncluye datos biográficos del autor en la contracubierta a  aInventariado, 2025/VM 7aPoesía paraguaya 7aLuisón (Mitología)vPoesíax  7aLiteratura paraguayay  aVMateo V. Control de calidad. BPMSU  2ddccBK 00102ddc708CJ-GaBPMETbBPMETd2025-11-04l0oBPMSU CJG Pa861.44 D671c 2012pBPMSU25110006r2025-11-04w2025-11-04yBK c15488d15488